01753cam a22002778a 450000500170000001000340001702000330005103500130008403500180009703700130011503700270012808200110015510000330016624500600019926000400025930000270029950000510032650504590037765000370083665000350087394200250090899900170093395201450095095201960109595201840129120100114111600.0 aENG-96195 B-428452-453 a9788132103165 (hbk.)c495.00 aEN-79728 a B-428452-453 bDBAD/PUB bResearchco Book Centre a954.96 aPandey, Nishchal Nath932571 aNew Nepal :bthe fault lines /cby Nishchal Nath Pandey aNew Delhi bSAGE Publicationsc2010 axiv, 164p.c23 cm (Hb) aIncludes bibliographical references and index. aPeople's movement II and its aftermath -- Interim Constitution and repeated amendments -- Maoist triumph -- The fault lines -- Language as a potential source of conflict -- Secularism : onset of religious conflict? -- Security sector governance and future of Nepal Army -- Lack of political culture and legitimacy -- Role of UNMIN -- Rejuvenating the economy -- India and Nepal : partners in progress -- Nepal-China relations : giving an economic thrust. aPolitical culturezNepal.932572 aSocial conflictzNepal.932573 2ddccENh954.96mPAN c36387d36387 00102ddc3Hb40718NFICaDBADbDBADd2010-05-03eDBAD/PUBg495.00l0o954.96 PANpEN-79728r2010-05-29 00:00:00t1v495.00w2010-05-29yEN 001040708NFICaLbLd2011-08-11eResearchco Book Centre/22425/2010-11/17.3.11/76/4.3.11/30.3.11g495.00l1o954.96 PANpB-428452r2019-03-29 00:00:00s2019-03-15t2v495.00w2011-08-11yEN 001040708NFICaLbLd2011-08-11eResearchco Book Centre/22425/2010-11/17.3.11/76/4.3.11/30.3.11g495.00l0o954.96 PANpB-428453r2011-08-11 00:00:00t2v495.00w2011-08-11yEN